000 00911nam a22003017a 4500
003 CHAP
005 20220329134639.0
008 971013c19771950 r 00010 d
010 _a23567
011 _a24539
035 _a28638
040 _cCHAP
082 _a595.13
_bC5
100 0 0 _aChitwood, B. G.
_922635
245 _aIntroduction to nematodes
260 _aBaltimore, Md. :
_bUniversity Park,
_c1977 (c.1950)
300 _a334 p.
_b: ilus
590 _aBATCH-UPD
_b10
_c20130110
_lUCH01
_h0116
590 _aBATCH-UPD
_b10
_c20130110
_lUCH01
_h1818
590 _aBATCH-UPD
_b10
_c20130410
_lUCH01
_h1152
590 _aBATCH-UPD
_b10
_c20130914
_lUCH01
_h0926
590 _aCONVERSION
_b10
_c20130109
_lUCH01
_h1314
650 1 4 _aNemátodos.
_980819
700 0 _aChitwood, M. B.
_922636
901 _aBK
942 _cLIBRO
949 _a595.13 C5
_bBC
_cLIBRO
_d33724000367579
_eLIBRO
_h2930
_i28638
_si
_t690.00
999 _c23567
_d23567